| 000 | 00392nam a2200157Ia 4500 | ||
|---|---|---|---|
| 003 | OSt | ||
| 005 | 20240112104703.0 | ||
| 008 | 170523s9999 xx 000 0 und d | ||
| 020 | _a007058673x | ||
| 040 | _ciimt university meerut | ||
| 100 | _aAPPLEGATE- AUSTIN | ||
| 245 | 0 | _aCORPORATE INFORMATION STRATEGY AND MANAGEMENT | |
| 260 | _bTATA MC GRAW HILL | ||
| 260 | _c2004 | ||
| 942 |
_2ddc _c02 |
||
| 999 |
_c1329 _d1329 |
||